La eficacia del derecho: una investigación sobre la existencia y funcionamiento de los sistemas jurídicos

Gorde:
Xehetasun bibliografikoak
Egile nagusia: Navarro, Pablo Eugenio (autor)
Formatua: Liburua
Hizkuntza:gaztelania
Argitaratua: Madrid Centro de Estudios Constitucionales 1990
Saila:El derecho y la Justicia. Elías Díaz, 16
Gaiak:
Etiketak: Etiketa erantsi
Etiketarik gabe, Izan zaitez lehena erregistro honi etiketa jartzen!

MARC

LEADER 00000nam a2200000 a 4500
001 UCV2814
003 CL-VaPUC
008 921116e19900000SP |||||||||||||||||spa|d
082 0 4 |a 340.1  |b NAV  |2 21 
100 |a Navarro, Pablo Eugenio  |e autor  |9 368336 
245 1 3 |a La eficacia del derecho: una investigación sobre la existencia y funcionamiento de los sistemas jurídicos 
300 |a 99 p 
942 |c BK 
945 |d 19921116 00:00:00 
260 |a Madrid  |b Centro de Estudios Constitucionales  |c 1990 
650 0 |a Filosofía del derecho   |9 255050 
583 |a last modification  |c 19921116 00:00:00  |k Rodrigo Vera 
490 0 |a El derecho y la Justicia. Elías Díaz, 16 
999 |c 210301  |d 210299 
952 |0 0  |1 0  |4 0  |6 340_100000000000000_NAV_1990  |7 0  |8 DER_TF  |9 186422  |a BIBDER  |b BIBDER  |d 2019-11-14  |i 2538903  |o 340.1 NAV 1990  |p 2538903  |r 2023-01-25  |w 2019-11-14  |x Ubicación 4to Piso  |y BK  |z Estos recursos deben solicitarse con anticipación  |k DER